[Event "Corsica-chT"]
[Site "Porticcio"]
[Date "2007.05.13"]
[Round "5.2"]
[White "Jaulneau, Christophe"]
[Black "Bono, Patrick"]
[Result "0-1"]
[WhiteElo "1953"]
[BlackElo "1660"]
[PlyCount "40"]
[EventDate "2007.03.07"]
[EventType "team"]
[EventRounds "9"]
[EventCountry "FRA"]
[SourceTitle "CBM 117 Extra"]
[Source "ChessBase"]
[SourceDate "2007.05.09"]
[SourceVersion "1"]
[SourceVersionDate "2007.05.09"]
[SourceQuality "1"]
[WhiteTeam "Echecs Club Ajaccien II"]
[BlackTeam "Tour du Nebbiu"]
[WhiteTeamCountry "FRA"]
[BlackTeamCountry "FRA"]

1. e4 d6 2. d4 g6 3. Nf3 Bg7 4. Nc3 Nf6 5. Bc4 Nbd7 6. Be3 0-0 7. Qd2 e5 8. Bh6 exd4 9. Nxd4 Re8 10. f3 Ne5 11. Bb3 a6 12. Bxg7 Kxg7 13. 0-0-0 c5 14. Nde2 c4 15. f4 cxb3 16. fxe5 Nxe4 17. Nxe4 bxa2 18. N4c3 a1Q+ 19. Nb1 Rxe5 20. Qd4 Qg5+ 0-1